Zelda Phantom Hourglass - Personnages - Statistiques

Statistiques générales
  • Ce quiz a été pris 9 fois
  • Le résultat moyen est 17 sur 54
Statistiques - réponses
Par images Réponse % Correct
Link
100%
Tetra
88%
Ciela, Esprit du Courage
75%
Nico
75%
Roi des Mers
75%
Siwan
75%
Bellum, Spectre Maléfique
63%
Linebeck
63%
Postier
63%
Terry
63%
Astrid
50%
Ptigoron
50%
Sazu
50%
Barman
38%
Biggoron
38%
Gonzo
38%
Jolène
38%
Liif, Esprit de la Force
38%
Vendeuse de l'Île Goron
38%
Vendeuse de l'Île Melka
38%
Vendeuse de l'Île Molida
38%
Joanne
25%
Maître Eddo
25%
Max
25%
Roi Mutoh
25%
Aroo
13%
Barry Lennon
13%
Chef de l'île
13%
Don Crapo
13%
Doylan
13%
Fofo
13%
Fuzo
13%
Gary
13%
Gumo
13%
Hoiger Howgendoogen
13%
Homme du comptoir aux trésors
13%
Indisso
13%
Kaji
13%
Komo
13%
L'Homme aux Sourires
13%
Mazo
13%
Mère de Moran
13%
Migloo
13%
Mocco
13%
Moran
13%
Neri, Esprit de la Sagesse
13%
Nyave
13%
Nyeve
13%
Salvatore
13%
Sangloo
13%
Tomar
13%
Tome
13%
Vieil aventurier
13%
Zucco
13%
Aucun quiz correspondant
Distribution des résultats
% des personnes avec chaque résultat
Percentile par nombre de réponses
Votre historique - résultats
Vous n’avez pas pris ce quiz